Statistiques concernant Culture Générale - Série 122

Cliquez ici pour prendre le quiz!

Statistiques générales

  • Ce quiz a été pris 357 fois
  • Le résultat moyen est 5 sur 10

Statistiques - réponses

QuestionRéponse% Correct
En France, quelle est la durée du mandat des députés ?5 ans
97%
Quelle couleur couvre les deux tiers du drapeau argentin ?Bleu
96%
Quel chien est le compagnon d'un petit garçon nommé Charlie Brown ?Snoopy
54%
Selon l'expression, quel trait de caractère est associé à Artaban ?Fierté
50%
Quel instrument de musique est indissociable d'Aimable ?Accordéon
41%
Avec qui la chanteuse Cher a-t-elle chanté en duo pendant plus de 10 ans ?Sonny
35%
Quel acteur jouait "César" dans la trilogie de Marcel Pagnol ?Raimu
34%
Quelle est la nationalité d'Orhan Pamuk, prix Nobel de littérature en 2006 ?Turque
33%
Qui était le petit ami d'Hélène dans "Hélène et les garçons" ?Nicolas
27%
Comment appelle-t-on le petit porc sauvage qui vit sur le continent américain ?Pécari
15%

Distribution des résultats

Percentile par nombre de réponses

% des personnes avec chaque résultat

Votre développement - résultats

Vous n’avez pas pris ce quiz